| 000 | 01267cad a22002775a 4500 | ||
|---|---|---|---|
| 001 | L159825 | ||
| 008 | 180302s2017 xxk f 000 0 eng d | ||
| 020 | _a9781315107677 | ||
| 035 | _a(Sirsi) u159825 | ||
| 041 | 0 | _aeng | |
| 110 | 1 | _aAECOM | |
| 245 | 0 | 0 |
_aSpon's External Works and Landscape Price Book 2018 _h[electronic resource] |
| 250 | _a37th ed | ||
| 260 |
_aAbingdon _bCRC Press _c2017 |
||
| 520 | _aIncludes material and measured work prices covering contract items from preliminaries and site clearance and encompassing every external works activity with full breakdowns into labour, materials and other components. Detailed guidance on wage rates, landscape consultants' fee scales. Extensive Approximate Estimates section for rapid spot estimating. | ||
| 520 | _aSupersedes 26thed ISBN 9781498796157 | ||
| 520 | _aThis item is archived on VLEBooks. Please contact [email protected] if you would like this title reactivated. Note we do not have more recent editions of this title available digitally. | ||
| 650 | 2 | 4 | _aLANDSCAPE |
| 650 | 2 | 4 | _aEXTERNAL WORKS |
| 650 | 2 | 4 | _aCOSTS |
| 650 | 2 | 4 | _aEBOOK |
| 651 | 4 | _aUnited Kingdom | |
| 690 |
_aLand use _96251 |
||
| 710 | 1 |
_aLandPro Ltd Landscape Chartered Surveyors _94654 |
|
| 942 |
_n0 _2ddc |
||
| 999 |
_c116129 _d116129 |
||